LEADER 00935nam a2200241 i 4500 001 000000076401 003 CaOOAMICUS 005 20071003000000.0 008 071003s1972 it u000 u ita u 013 $a47573 040 $aSeMil$bita 100 1 $aEble, Kenneth.$0(OLS)http://semarc/name/37660 245 10$a[F. S. Fitzgerald /$cdi Kenneth Eble]. 260 $aFirenze :$bLa Nuova Italia,$c1972. 300 $a191 p. ;$c17 cm. 490 0 $aIl castoro ;$v65 500 $aContiene : Note bibliografiche ; Notizie biografiche. 600 14$aFitzgerald, Francis Scott <1896-1940>.$0(OLS)http://semarc/subject/15627 830 3$aIl castoro ;$v65.$0(OLS)http://semarc/title/659 850 $aSeMil 852 $aSeMil$W1$xVenegono$y1$m1L II 60$j42553$B42553$CSeMilBibl$Z2$F42557 $81 996 $6245$a[F. S. Fitzgerald$9(OLS)http://semarc/title/123833 996 $6260$aFirenze :$bLa Nuova Italia$9(OLS)http://semarc/publisher/30055 LEADER 00931nam a2200253 i 4500 001 000000096716 003 CaOOAMICUS 005 20041118000000.0 008 041118s2003 it u000 u ita u 013 $a68958 020 $a88-424-9118-7 040 $aSeMil$bita 100 1 $aVoltolin, Adriano.$0(OLS)http://semarc/name/36587 245 10$aMelanie Klein /$cAdriano Voltolin. 260 $aMilano :$bBruno Mondadori,$ccopyr. 2003. 300 $a246 p. ;$c17 cm. 500 $aContiene : Bibliografia. 650 4$aKlein, Melanie.$0(OLS)http://semarc/subject/15027 850 $aSeMil 852 $aSeMil$W1$xVenegono$y1$m169 6 4 *$j56205$B56205$CSeMilBibl$Z2$F64317 $81 961 $aAcquisto: Àncora (Libreria) 996 $6020$a88-424-9118-7$9(OLS)http://semarc/number/53734 996 $6245$aMelanie Klein$9(OLS)http://semarc/title/119537 996 $6260$aMilano :$bBruno Mondadori$9(OLS)http://semarc/publisher/31202